Biblioteca y Centro de Documentación

La reforma social en España (Registro nro. 17235)

Detalles MARC
000 -CABECERA
Longitud fija campo de control 01896nam a2200457 c 4500
001 - NÚMERO DE CONTROL
Número de control 17235
003 - IDENTIFICADOR DE NÚMERO DE CONTROL
Identificador del número de control ES-MaCES
005 - FECHA Y HORA DE LA ÚLTIMA TRANSACCIÓN
Fecha y hora de la última transacción 20141221122453.0
008 - CAMPO FIJO DE DESCRIPCIÓN FIJA--INFORMACIÓN GENERAL
Códigos de información de longitud fija   050126s2004 sp o100 | spa d
017 ## - NÚMERO DE REGISTRO DE DERECHOS DE AUTOR Y DEPÓSITO LEGAL
Número de copyright o de depósito legal M 48182-2004
Agencia que asigna el número DL
020 ## - ISBN (INTERNATIONAL STANDARD BOOK NUMBER)
Número Internacional Normalizado para Libros (ISBN) 8481882194
035 ## - NÚMERO DE CONTROL DEL SISTEMA
Número de control del sistema CES20050000707m
040 ## - FUENTE DE CATALOGACIÓN
Centro catalogador de origen ES-MaCES
Lengua de catalogación spa
Centro transcriptor ES-MaCES
111 2# - ENCABEZAMIENTO PRINCIPAL--NOMBRE DE REUNIÓN
Nombre de congreso o jurisdicción como elemento de entrada Encuentro "La Reforma Social en España, en el Centenario del Instituto de Reformas Sociales"
Fecha del congreso 2003
Sede del congreso Santander
9 (RLIN) 906
245 13 - MENCIÓN DE TÍTULO
Título La reforma social en España
Resto del título : en el centenario del Instituto de Reformas Sociales
Mención de responsabilidad, etc. Juan Ignacio Palacio Morena (coordinador) ; Julián Ariza Rico ... [et al.]
250 ## - MENCIÓN DE EDICIÓN
Mención de edición 1ª ed
260 ## - PUBLICACIÓN, DISTRIBUCIÓN, ETC (PIE DE IMPRENTA)
Lugar de publicación, distribución, etc. Madrid
Nombre del editor, distribuidor, etc. Consejo Economico y Social
Fecha de publicación, distribución, etc. 2004
300 ## - DESCRIPCIÓN FÍSICA
Extensión XII, 219
Dimensiones 23 cm
490 1# - MENCIÓN DE SERIE
Mención de serie Colección Estudios
Designación de volumen o secuencia 166
500 ## - NOTA GENERAL
Nota general Recoge las ponencias presentadas al Encuentro "La Reforma Social en España, en el Centenario del Instituto de Reformas Sociales", celebrado en Santander en la UIMP, del 11 al 13 de agosto de 2003
541 ## - NOTA DE LA FUENTE INMEDIANTE DE ADQUISICIÓN
Forma de adquisición Gratuito
610 24 - ASIENTO SECUNDARIO DE MATERIA--NOMBRE CORPORATIVO
Nombre de entidad corporativa o nombre de jurisdicción como elemento inicial España
Unidad subordinada Comisión de Reformas Sociales
9 (RLIN) 2731
610 24 - ASIENTO SECUNDARIO DE MATERIA--NOMBRE CORPORATIVO
Nombre de entidad corporativa o nombre de jurisdicción como elemento inicial Instituto de Reformas Sociales (España)
9 (RLIN) 4214
650 #4 - ASIENTO SECUNDARIO DE MATERIA--TÉRMINO DE MATERIA
Término de materia o nombre geográfico como elemento inicial reforma social
9 (RLIN) 27030
650 #4 - ASIENTO SECUNDARIO DE MATERIA--TÉRMINO DE MATERIA
Término de materia o nombre geográfico como elemento inicial Estado-Benefactor
9 (RLIN) 29481
650 #4 - ASIENTO SECUNDARIO DE MATERIA--TÉRMINO DE MATERIA
Término de materia o nombre geográfico como elemento inicial protección social
9 (RLIN) 29076
650 #4 - ASIENTO SECUNDARIO DE MATERIA--TÉRMINO DE MATERIA
Término de materia o nombre geográfico como elemento inicial política social
9 (RLIN) 27029
650 #4 - ASIENTO SECUNDARIO DE MATERIA--TÉRMINO DE MATERIA
Término de materia o nombre geográfico como elemento inicial desarrollo institucional
9 (RLIN) 29802
650 #4 - ASIENTO SECUNDARIO DE MATERIA--TÉRMINO DE MATERIA
Término de materia o nombre geográfico como elemento inicial España
9 (RLIN) 26964
650 #4 - ASIENTO SECUNDARIO DE MATERIA--TÉRMINO DE MATERIA
Término de materia o nombre geográfico como elemento inicial 1883-1924
9 (RLIN) 31791
650 #4 - ASIENTO SECUNDARIO DE MATERIA--TÉRMINO DE MATERIA
Término de materia o nombre geográfico como elemento inicial historia
9 (RLIN) 27251
650 #4 - ASIENTO SECUNDARIO DE MATERIA--TÉRMINO DE MATERIA
Término de materia o nombre geográfico como elemento inicial conferencia
9 (RLIN) 27013
653 10 - TÉRMINO DE INDEXACIÓN--NO CONTROLADO
Término no controlado Administración-Instituciones públicas
700 1# - ENCABEZAMIENTO SECUNDARIO--NOMBRE PERSONAL
Nombre de persona Ariza Rico, Julián
9 (RLIN) 6544
700 1# - ENCABEZAMIENTO SECUNDARIO--NOMBRE PERSONAL
Nombre de persona Palacio Morena, Juan Ignacio
Término indicativo de función col.
9 (RLIN) 20245
710 2# - ENCABEZAMIENTO SECUNDARIO--NOMBRE CORPORATIVO
Nombre de entidad o nombre de jurisdicción como elemento inicial Consejo Económico y Social (España)
Término indicativo de función ed.
9 (RLIN) 2408
830 #0 - ENCABEZAMIENTO SECUNDARIO DE COLECCIÓN--TÍTULO UNIFORME
Título uniforme Colección Estudios (Consejo Económico y Social (España))
Designación de volumen o secuencia 166
9 (RLIN) 32341
902 ## - CES. TIPO DE DOCUMENTO
Tipodoc (006$c Sirtex) LIB Libro
942 ## - ELEMENTOS KOHA
Fuente de clasificaión o esquema Clasificación propia del CES
Koha [por defecto] tipo de item Monografías
Parte de clasificación 6.3.
Existencias
Número de registro Signatura completa Tipo de item de Koha
059311 DPT-12628 Monografías
059312 CES-ESPAÑA Monografías
© CES, Consejo Económico y Social de España 2021